[Event "Reykjavik Hrokurinn"]
[Site "Reykjavik"]
[Date "2003.02.19"]
[Round "2"]
[White "Shirov, Alexei"]
[Black "Bacrot, Etienne"]
[Result "1-0"]
[WhiteElo "2723"]
[BlackElo "2671"]
[Annotator "Huzman,A"]
[PlyCount "107"]
[EventDate "2003.02.18"]
[EventType "tourn"]
[EventRounds "9"]
[EventCountry "ISL"]
[EventCategory "15"]
[SourceTitle "CBM 094"]
[Source "ChessBase"]
[SourceDate "2003.05.26"]
[SourceVersion "1"]
[SourceVersionDate "2003.05.26"]
[SourceQuality "1"]

1. e4 e5 2. Nf3 Nf6 3. Nxe5 d6 4. Nf3 Nxe4 5. d4 d5 6. Bd3 Nc6 7. O-O Be7 8. c4
Nb4 9. Be2 Be6 10. Qa4+ (10. c5 a5 (10... Nc6 11. Bb5 Bd7 12. Bxc6 Bxc6 13. Ne5
Bb5 14. Re1 O-O 15. f3 Ng5 16. Nc3 $36 {1-0 Tredinnick,A-Evans,R/ENG-ch
corr8990 1989/CR97-89 (38)}) (10... O-O 11. Qb3 a5 12. a3 Na6 13. Qxb7 Naxc5
14. dxc5 Nxc5 15. Qc6 d4 16. Bf4 Ra7 $13 {1-0 Pane,A-Venni,A/4 CIM 1988 (39)})
11. Ne5 $1 (11. Bf4 O-O 12. Nc3 g5 13. Bd2 Nc6 14. Bc1 f5 15. Ne1 b6 16. cxb6
cxb6 17. Nb5 Bf6 18. Nc2 Rc8 19. Re1 Qd7 {1/2-1/2 Socko,B-Motylev,A/Ohrid 2001/
CBM 84 (19)}) (11. a3 Nc6 12. Bb5 O-O 13. Bxc6 bxc6 14. Ne5 Bf6 15. Bf4 Bd7 16.
f3 Ng5 17. Nc3 Rb8 18. Rf2 Ne6 19. Bg3 Re8 20. f4 Bxe5 21. fxe5 Qg5 22. Kh1 Rb7
23. Rd2 {1/2-1/2 Topalov,V-Ye Rongguang/Antwerp 1997/CBM 61 (23)}) 11... f6 12.
Nd3 O-O 13. Nf4 $1 Bf7 14. Bg4 $1 g6 15. Ne6 Bxe6 16. Bxe6+ Kg7 17. a3 Nc6 18.
Nc3 Re8 19. Nxd5 Bxc5 20. dxc5 Rxe6 21. Bf4 Ne5 22. Rc1 $16 {1/2-1/2 Nataf,
I-Topalov,V/Cannes 2002/CBM 88/[Huzman] (33)}) 10... Qd7 11. Qxd7+ Kxd7 (11...
Bxd7 $5 12. Nc3 O-O-O 13. a3 (13. Bf4 $5 Bg4 14. Rfc1 Nxc3 15. bxc3 Bxf3 16.
gxf3 Nc6 $11) 13... Nc2 14. Ra2 $1 (14. Nxd5 $5 Nxa1 (14... Bc5 $5 15. Ra2 $1
Nxd4 16. b4 $16) 15. Nxe7+ Kb8 16. Ne5 Be8 17. Bd3 f6 (17... Rxd4 18. Nf5 Rxd3
19. Nxd3 g6 20. Nd4 Ba4 21. Re1 $36) 18. Bxe4 Rxd4 19. Bd5 fxe5 20. Be3 Nb3 21.
Bxd4 exd4 $132) 14... Bf6 $8 15. cxd5 Bf5 16. Rd1 Rhe8 17. Bb5 Re7 18. Kf1 g5 (
18... Nd6 19. Ba4 b5 20. Nxb5 Nxb5 21. Bxb5 Be4 22. b3 Bxf3 23. gxf3 Nxd4 24.
Bc4 Nxf3 25. h3 $14) 19. Bd3 g4 20. Ne5 Nd6 21. Bxf5+ Nxf5 22. Nxg4 Rde8 23.
Bd2 $16) 12. Nc3 Nxc3 13. bxc3 Nc6 14. Rb1 (14. cxd5 Bxd5 15. c4 Bxf3 16. Bxf3
Nxd4 17. Rd1 c5 18. Bxb7 Rab8 19. Be4 (19. Bd5 Bf6) 19... Bf6 $11) 14... dxc4
15. d5 {A.Shirov never fails to find some tactical chances- even in an endgame!
} (15. Rd1 $5 Bd5 16. Rb5 Bxf3 17. Bxf3 b6 18. Bd5 $14) 15... Bxd5 16. Rd1 Ke6
17. Rxb7 Rab8 18. Rxc7 Rhc8 19. Rxc6+ Rxc6 (19... Bxc6 20. Bxc4+ Kf5 21. Bd3+
Ke6 22. Re1+ Kd7 23. Bf5+ Kd8 24. Ne5 $16) 20. Nd4+ Kd7 21. Nf5 $1 {[%mdl 64]}
Rb1 $2 (21... Rb5 $1 22. Bg4 (22. Bf3 Rd6 23. Nxd6 Bxf3 24. Nxb5+ Bxd1 25. Nxa7
Ba4 $19) 22... Ke8 23. Nxe7 Kxe7 24. a4 Ra5 25. Ba3+ Kf6 26. Bb4 Rca6 27. Bxa5
Rxa5 28. Rd4 $11) 22. Nxe7 $16 Rxc1 23. Nxd5 Rxd1+ 24. Bxd1 Rd6 25. Ne3 Rd3 26.
Ba4+ Kd6 27. Nxc4+ Kc5 28. Ne3 Rxc3 29. Kf1 g6 30. Ke2 Kd4 31. Nc2+ Ke4 32. Bb3
f5 33. h4 f4 34. Ne1 Kf5 35. Nf3 Rc7 36. Kd3 h6 37. Kd4 g5 38. Bc4 Rd7+ 39. Bd5
Rc7 40. hxg5 hxg5 41. Be4+ Kf6 42. Ne5 Rc1 43. Nd3 Rc2 44. a4 Ra2 45. Bc6 Rc2
46. Kd5 g4 47. Nxf4 Rxf2 48. g3 $18 {[%csl Rg4]} Kf5 (48... Rf3 49. Kd4 Rb3 50.
Nd5+ Kg5 51. Nc3 $1 a5 52. Ne4+ Kg6 53. Ke5 $18) 49. Bd7+ Kg5 50. Ne6+ Kh5 51.
Nc5 $1 Rf3 52. Ne4 Rd3+ 53. Ke5 Ra3 54. Be8+ (54. Be8+ Kh6 55. Kf4 $18) 1-0

[Event "Moscow Aeroflot op-A"]
[Site "Moscow"]
[Date "2003.02.19"]
[Round "9"]
[White "Morozevich, Alexander"]
[Black "Mamedyarov, Shakhriyar"]
[Result "1/2-1/2"]
[WhiteElo "2678"]
[BlackElo "2596"]
[Annotator "Huzman,A"]
[PlyCount "83"]
[EventDate "2003.02.10"]
[EventType "swiss"]
[EventRounds "9"]
[EventCountry "RUS"]
[SourceTitle "CBM 094"]
[Source "ChessBase"]
[SourceDate "2003.05.26"]
[SourceVersion "1"]
[SourceVersionDate "2003.05.26"]
[SourceQuality "1"]

1. e4 e5 2. Nf3 Nf6 3. Nxe5 d6 4. Nf3 Nxe4 5. d4 d5 6. Bd3 Bd6 7. O-O O-O 8.
Re1 Bf5 9. c4 c6 10. Qb3 Na6 11. cxd5 cxd5 12. Nc3 Be6 13. a3 Nc7 14. Be3 (14.
Qa4 f5 15. Ne2 f4 $5 16. Nc3 Ng5 17. Ne5 (17. Nxg5 {Rozentalis} Qxg5 18. Bd2
Rf6 19. f3 Rh6 20. Bf1 Qh4 21. h3 Bxh3 22. gxh3 Rg6+ 23. Bg2 Rxg2+ 24. Kxg2
Qg3+ 25. Kf1 Qxf3+ 26. Kg1 Qg3+ 27. Kf1 f3 $19 {0-1 Rajlich,V-Pham Minh Hoang/
Budapest 2002/CBM 90 ext (38)}) 17... f3 18. g3 $6 Nh3+ 19. Kf1 Bf5 $1 20. Bxf5
Rxf5 21. Bd2 Qf6 22. Re3 Bxe5 23. dxe5 Qe6 24. Qg4 $2 Ng5 $17 {1-0 Shirov,
A-Rozentalis,E/Germany 1999/EXT 2000/[Rozentalis] (42)}) (14. Qc2 f5 15. Ne2 (
15. Ne5 Rc8 16. Bf4 (16. f3 Qh4 17. Be3 f4 18. Bf2 (18. fxe4 fxe3 19. Nf3 Rxf3
20. gxf3 Bf4 21. Kh1 Qh5 22. Rg1 Qxf3+ 23. Qg2 Qxg2+ 24. Kxg2 dxe4 25. Bxe4 Rd8
26. Ne2 Bh6 27. Rac1 Nd5 28. Rgf1 g6 $44 {1/2-1/2 Goloshchapov,A-Quinn,M/
Hoogeveen 2002/CBM 90 ext (43)}) 18... Nxf2 19. Qxf2 Qf6 20. Qc2 g6 21. Qb3 Rb8
22. Rac1 Rfe8 23. Kh1 Kg7 24. Na4 Na6 25. Bxa6 bxa6 26. Qc3 Rbc8 27. Nc5 Bf5
28. b4 a5 $11 {1/2-1/2 Feygin,M-Rabiega,R/Essen 2002/CBM 90 (36)}) 16... g5 $5
17. Bd2 Na6 18. Qd1 Bxe5 19. dxe5 Nac5 20. Bc2 Nxd2 21. Qxd2 d4 $1 22. Na4 Nb3
23. Bxb3 Bxb3 24. e6 $1 Re8 25. e7 Rxe7 26. Qxg5+ $6 (26. Rxe7 Qxe7 27. Qxd4
Rd8 28. Qc3 $1 $11) 26... Rg7 27. Qxd8+ Rxd8 $17 {0-1 Fressinet,L-Gelfand,B/
Cannes 2002/CBM 88/[Ftacnik] (36)}) 15... Bf7 16. Bf4 Bh5 17. Bxd6 Qxd6 18. Ne5
Bxe2 19. Bxe2 Ne6 20. Rad1 Rad8 21. Qa4 a6 22. f3 Nf6 23. Bd3 g6 24. Bb1 Rfe8
25. Qa5 Kg7 26. Qd2 Re7 $11 {1/2-1/2 Akopian,V-Kasimdzhanov,R/Moscow 2002/CBM
90 (70)}) (14. Qd1 Nxc3 15. bxc3 Bg4 $1 16. Bb1 Bh5 17. Qc2 Bg6 18. Qb3 b5 19.
Bxg6 hxg6 20. a4 Qd7 21. a5 Rfe8 {, 1/2: 1/2- V.Yemelin- E.Rozentalis, Hamburg
(op) 1999}) 14... f5 15. Rad1 Kh8 (15... Qf6 $5) 16. Bc1 Qe7 17. Bb1 b6 18. Na2
$5 {[%cal Ga2b4,Gb4c6,Gc6e5]} Rae8 19. Nb4 f4 $1 {[%mdl 4] Black doesn't fail
to take advantage of White's passivity. Black pieces are massively
concentrated on the K-side, and that allows him to launch a mighty attack} 20.
Nc6 Qf7 21. Nxa7 (21. Nfe5 Qh5 22. Nxa7 f3 $1 $40) 21... Qh5 22. Nc6 (22. Qxb6
Bg4 (22... Rb8 23. Qc6) 23. Bxe4 dxe4 24. Qxd6 Bxf3 $1 (24... exf3 25. Re5 (25.
Qxc7 fxg2 $40) 25... Qf7 26. Rde1 Rxe5 27. Rxe5 fxg2 28. Qe7 Qxe7 29. Rxe7 Nd5
30. Re5 Bf3 $13) 25. gxf3 (25. Bxf4 Ne6 26. Bg3 Bxd1 $19) 25... e3 (25... Qxf3
26. Qxc7 Qg4+ 27. Kf1 Qh3+ 28. Kg1 (28. Ke2 Qf3+ 29. Kf1 e3 $19) 28... Qg4+ $14
) (25... exf3 26. Kh1 Qh3 27. Rg1 Rf6 28. Bxf4 (28. Qxc7 $4 Qxh2+ 29. Kxh2 Rh6#
) 28... Rxd6 29. Bxd6 Nd5 30. Be5 $16) 26. Bxe3 (26. fxe3 Rf6 27. Qxf4 Rxf4 28.
exf4 Rxe1+ 29. Rxe1 Qa5 $19) 26... Qxf3 27. Qxc7 fxe3 28. fxe3 Qf2+ 29. Kh1
Qf3+ $11) 22... Bg4 {/\23...Ng5} 23. Nce5 (23. h3 Bxh3 24. gxh3 Qxh3 $19 {
[%cal Ye8e6,Ye6g6]}) 23... Bxe5 24. dxe5 Nc5 25. Qc3 (25. Qxb6 Bxf3 26. gxf3
N5e6 $40 {[%cal Ye6g5]}) 25... Nb5 $1 26. Qd2 Bxf3 27. gxf3 Ne6 $1 (27... Nc7
$5 28. Qc2 N5e6 29. b4 Ng5 30. Rd3 Nce6 $36) 28. Qxd5 Ng5 $1 29. Be4 (29. Qxb5
Nxf3+ 30. Kg2 Qg4+ 31. Kh1 Qh3 32. Bxf4 Nxe1 33. Rxe1 Qf3+ 34. Kg1 Qxf4 35.
Qxb6 Rxe5 $17) (29. Rd3 Nc7 30. Qc6 Nce6 $44) 29... Nc7 $1 (29... Rxe5 30. Qxe5
Nh3+ 31. Kg2 Qxe5 32. Rd5 Qf6 33. Kxh3 $44) 30. Qb3 (30. Qc6 Nxe4 31. Qxe4 Ne6
$40) 30... Nce6 (30... Rxe5 $1 31. Kh1 (31. Qd3 Nh3+ 32. Kf1 Nxf2 33. Qd6 Rfe8
34. Qxe5 Rxe5 35. Rd8+ Ne8 $19) (31. Bb7 Nh3+ 32. Kf1 Rxe1+ 33. Rxe1 (33. Kxe1
Qc5 $19) 33... Qc5 $19) 31... Nce6 32. Bc6 (32. Bd5 Nc5 33. Qc3 Rxe1+ 34. Rxe1
Nh3 $19) 32... Nd4 33. Qb4 Rxe1+ 34. Rxe1 Rd8 $19) 31. Bd5 Rd8 {/\32...Rd5} (
31... Rf5 32. Kh1 Nc5 33. Qb5 $11) 32. Bxe6 Nxf3+ 33. Kg2 (33. Kf1 Nxh2+ 34.
Kg2 f3+ 35. Kg3 Rxd1 36. Rxd1 Qxe5+ 37. Kh4 Rf4+ 38. Bxf4 Qxf4+ 39. Kh3 Qh6+
40. Kg3 Qg5+ $11) 33... Nxe1+ 34. Rxe1 Qg6+ 35. Kh1 (35. Kf1 Rd3 (35... f3 36.
Bh3 $18) 36. Qc4 Rfd8 37. Bf7 Qg4 38. Qxf4 Qh3+ 39. Ke2 R8d4 40. Be6 Qxe6 41.
Qf8+ Qg8 42. Qxg8+ Kxg8 $11) 35... Rd3 $1 36. Qc4 (36. Qc2 Rfd8 37. Bb3 (37.
Bc4 Re3 38. Qxg6 Rxe1+ 39. Qg1 Rxg1+ 40. Kxg1 Rd1+ 41. Kg2 Rxc1 $17) 37... Qg4
$11) 36... b5 $1 37. Qxb5 (37. Bf7 bxc4 38. Bxg6 hxg6 $15) 37... Rfd8 38. Bb3 (
38. Bc4 Rd1 39. Rxd1 Rxd1+ 40. Bf1 Qe4+ 41. Kg1 (41. f3 Qxf3+ 42. Kg1 Qg4+ 43.
Kf2 Qh4+ 44. Kf3 Qh5+ 45. Ke4 Qg6+ $11 46. Kxf4 $140 Rxf1+ $19) 41... Qg6+ $11)
38... Qg4 39. Bc2 (39. e6 Qf3+ $11) 39... Qf3+ 40. Kg1 Qg4+ 41. Kh1 Qf3+ 42.
Kg1 1/2-1/2

[Event "Corus-B"]
[Site "Wijk aan Zee"]
[Date "2005.01.26"]
[Round "10"]
[White "Nijboer, Friso"]
[Black "Ernst, Sipke"]
[Result "0-1"]
[WhiteElo "2549"]
[BlackElo "2509"]
[Annotator "Huzman,A"]
[PlyCount "108"]
[EventDate "2005.01.15"]
[EventType "tourn"]
[EventRounds "13"]
[EventCountry "NED"]
[EventCategory "13"]
[SourceTitle "CBM 105"]
[Source "ChessBase"]
[SourceDate "2005.04.11"]
[SourceVersion "1"]
[SourceVersionDate "2005.04.11"]
[SourceQuality "1"]

1. e4 e5 2. Nf3 Nf6 3. Nxe5 d6 4. Nf3 Nxe4 5. d4 d5 6. Bd3 Be7 7. O-O Nc6 8. c4
Nb4 9. Be2 O-O 10. Nc3 Bf5 11. a3 Nxc3 12. bxc3 Nc6 13. Re1 Re8 14. cxd5 Qxd5
15. Bf4 Rac8 16. Bd3 Qd7 17. Rb1 b6 18. Bb5 $5 {This interesting tactical idea
is probably not enough for White's advantage.} Bxb1 19. d5 (19. Qxb1 $5 Bf6 (
19... Bd6 20. Be3 (20. Rxe8+ Rxe8 21. d5 Bxf4 22. Bxc6 Qe7 23. Bxe8 Qxe8 $11)
20... a6 21. Bxa6 Ra8 22. Bb5 Rxa3 23. d5 Bxh2+ 24. Nxh2 Qxd5 25. c4 Qd6 26.
Bf4 Rxe1+ 27. Qxe1 Qe7 28. Qxe7 Nxe7 29. Bxc7 $16) 20. Rd1 Qd5 (20... Re7 21.
Be5 $1 $44 (21. d5 $140 Qg4 $17)) (20... a6 21. Bxa6 Rcd8 22. Bb5 $16) 21. Bg3
Ne7 $5 (21... Na5 22. Bxe8 Rxe8 23. Bxc7 Qc6 24. Re1 Rxe1+ 25. Qxe1 Nc4 26. Be5
$14) (21... a6 22. Bxa6 Ra8 23. c4 Qe6 (23... Qd7 24. Bb5 $16) (23... Qd8 24.
Bb7 $16) 24. d5 $16) 22. Bxe8 Rxe8 23. Bxc7 Qc6 24. Be5 Nd5 25. Rd3 (25. Qb3
Nxc3 26. d5 Qc5 27. Qxc3 Qxc3 28. Bxc3 Bxc3 $11) 25... Be7 26. Qb3 b5 $44) (19.
Ne5 Qf5 20. Bxc6 Qxf4 21. Bxe8 Rxe8 22. Qa4 Ra8 23. Rxb1 Bd6 $11) 19... Bd6 (
19... Rcd8 $5 20. Bxc6 (20. Qb3 Bd6 21. Rxb1 Bxf4 22. Bxc6 Qf5 23. Bxe8 Rxe8
$11) (20. Nd4 Qxd5 $1 (20... Bxa3 21. Bxc6 (21. Rxe8+ Qxe8 22. Qxb1 Bc1 $3 23.
Bxc1 Qe1+ 24. Bf1 Nxd4 25. cxd4 Rxd5 $11) 21... Rxe1+ 22. Qxe1 Qg4 23. Bxc7 Rc8
24. d6 $18) 21. Bxc6 Qxc6 22. Nxc6 Rxd1 23. Nxe7+ Kf8 24. Rxd1 Bc2 $17) 20...
Qxc6 21. dxc6 Rxd1 22. Rxd1 Be4 $15) 20. Rxe8+ (20. Be3 Be4 21. Bxc6 Qg4 22.
Bxe8 Rxe8 $17) 20... Qxe8 21. Bxd6 Qe4 $1 22. Bxc7 Bc2 (22... Nd4 $2 23. Nxd4
Rxc7 24. d6 $18) 23. Qd2 Nb8 $1 24. d6 Ba4 25. Bd3 Qg4 26. h3 (26. Ne5 Qh5 27.
Qe2 Qxe2 28. Bxe2 Nd7 29. Bg4 Re8 30. Bxd7 Bxd7 31. f4 Ba4 $17 32. d7 $140 Bxd7
33. Nxd7 Re7 $19) 26... Qh5 27. Qf4 Bd7 28. Ne5 (28. Bc4 Nc6 29. Ng5 Rf8 $15)
28... Re8 29. Nf3 Nc6 {[%csl Rc7]} 30. Bc4 h6 31. g4 Qg6 32. Kg2 Kf8 33. Bd5 h5
34. g5 (34. Nh4 $5 Qf6 35. Qxf6 gxf6 36. gxh5 Re5 37. Bf3 Ra5 38. h6 Kg8 39.
Be4 $132) 34... f6 35. Nh4 $2 (35. Bxc6 Bxc6 36. d7 Bxd7 37. Qd6+ Re7 38. Bd8
Qe4 39. gxf6 Qg6+ 40. Kh2 Qxf6 41. Bxe7+ Qxe7 42. Qb8+ $11) 35... Qd3 $1 36.
Qf3 Qxf3+ 37. Bxf3 (37. Nxf3 fxg5 $17) 37... fxg5 38. Ng6+ Kf7 39. Bxh5 Kf6 40.
Ne7 Rh8 41. Nd5+ Ke5 $15 42. Bf3 Na5 $1 43. Kg1 (43. Ne3 $142 Bxh3+ 44. Kg3 Bd7
45. Bg4 $132) 43... Nc4 44. Ne7 Kf6 45. Nc6 (45. Bc6 Bxc6 46. Nxc6 Ke6 47. Nxa7
Nxd6 48. Bxb6 Rxh3 $17) 45... Rxh3 $19 46. Bd8+ Kf7 47. Bd5+ Ke8 48. Bc7 Rxc3
49. Nxa7 b5 50. Be4 Ne5 51. Bb6 Rxa3 52. Kg2 Bh3+ 53. Kh1 Bd7 54. Bd4 $4 Ra4
0-1

[Event "Moscow Aeroflot op-A"]
[Site "Moscow"]
[Date "2003.02.18"]
[Round "8"]
[White "Fedorov, Alexei"]
[Black "Sorokin, Maxim"]
[Result "1-0"]
[WhiteElo "2579"]
[BlackElo "2560"]
[Annotator "Huzman,A"]
[PlyCount "75"]
[EventDate "2003.02.10"]
[EventType "swiss"]
[EventRounds "9"]
[EventCountry "RUS"]
[SourceTitle "CBM 094"]
[Source "ChessBase"]
[SourceDate "2003.05.26"]
[SourceVersion "1"]
[SourceVersionDate "2003.05.26"]
[SourceQuality "1"]

1. e4 e5 2. Nf3 Nf6 3. Nxe5 d6 4. Nf3 Nxe4 5. d4 d5 6. Bd3 Nc6 7. O-O Be7 8. c4
Nb4 9. Be2 O-O 10. Nc3 Be6 11. Ne5 f6 12. Nf3 Kh8 13. a3 Nxc3 14. bxc3 Nc6 15.
Nd2 Na5 (15... f5 16. Re1 Bf6 (16... Bg8 17. Rb1 Rb8 18. Bf3 Bf6 19. cxd5 Bxd5
20. Nf1 Ne7 21. Ne3 {1/2-1/2 Illescas Cordoba,M-Iordachescu,V/Bled 2002/EXT
2003 (21)}) 17. a4 (17. Bf3 Bg8 18. cxd5 Bxd5 19. Nb3 b6 20. Bf4 Rc8 $1 (20...
Ne7 21. Be5 c6 22. Bxf6 Rxf6 23. Nc1 Ng6 24. Nd3 h6 25. Ne5 Nh4 26. Bxd5 Qxd5
27. f3 c5 28. dxc5 {1/2-1/2 Leko,P-Kramnik,V/Dortmund 2000/CBM 78 (28)}) (20...
Re8 21. Be5 Qd7 22. Bxf6 gxf6 23. Nc1 Re6 24. Rxe6 Qxe6 25. Nd3 Re8 26. h3 {
1/2-1/2 Galkin,A-Motylev,A/Dubai UAE 2001/(26)}) 21. Be5 Qd7 22. Bxf6 Rxf6 23.
Nc1 Re6 $1 $11 {1/2-1/2 Galkin,A-Motylev,A/Dubai 2001/CBM 83/[Huzman] (26)})
17... Bg8 18. c5 $5 Re8 19. Nf3 h6 20. Rb1 Rb8 21. Bd3 $1 $16 {1-0 Leko,
P-Grischuk,A/Wijk aan Zee-A 2002/(47)}) 16. cxd5 Qxd5 $6 {the Q's appearance
in the central area proves to be premature. Now Black's strongest piece turns
into a hunting goat for White's pawns.} (16... Bxd5 17. Bd3 Bg8 $5 18. Re1 c5
19. Bb2 $6 Nc6 20. Qg4 $2 Ne5 $1 21. Qg3 $2 Nxd3 22. Qxd3 Re8 $17 {0-1 Rosito,
J-Pierrot,J/Pinamar 2002/CBM 88/[Huzman] (38)}) 17. Re1 Rfe8 18. Bb2 {[%cal
Gc3c4]} Qc6 (18... Qd7 19. c4 Bf5 20. d5 $16) 19. Bd3 {[%cal Gd1h5,Gh5h7,Gd3h7,
Yd3b5,Yh5b5,Yb5e8] /\20.Qh5} Bf7 (19... Bg8 20. Qh5) 20. Qc2 $1 h6 21. c4 $16
Bf8 22. d5 Rxe1+ (22... Qd7 23. Bf5 Qd6 24. Bg6 $16) 23. Rxe1 Qd7 24. Bf5 Qd6
25. Bg6 Bg8 (25... Qd7 26. Bc3 b6 27. Bxf7 Qxf7 28. Bxa5 bxa5 29. Qa4 $16) 26.
Qc3 b6 27. Ne4 {[%mdl 4]} Qd8 (27... Qf4 28. h3 $1 {[%csl Rf4]} c6 29. g3 Qc7
30. Nxf6 gxf6 31. Qxf6+ Bg7 32. Re7 Qxe7 33. Qxe7 Bxb2 34. dxc6 Nxc6 35. Qd6
Na5 36. Be4 $18) (27... Qd7 28. Nxf6 gxf6 29. Qxf6+ Bg7 (29... Qg7 30. Re7 $1
$18) 30. Re7 Qxe7 31. Qxe7 Bxb2 32. Qxc7 $16 {[%cal Gd5d8]}) 28. Re3 (28. Nxf6
Qxf6 29. Qc2 Qd6 30. Be5 Qe7 31. Qd2 Qg5 32. Qxg5 hxg5 33. Re3 g4 34. Re4 Bh7
35. Bxh7 Kxh7 36. Bxc7 Nb7 $17) 28... Nb7 $2 (28... c6 $1 29. Rh3 (29. Nxf6
Qxf6 (29... gxf6 30. Re8 $18) 30. Qc2 Qxb2 31. Qxb2 Nxc4 32. Qc3 Nxe3 33. fxe3
Bxd5 34. e4 Bc5+) 29... cxd5 30. Nxf6 d4 31. Qxd4 Qxd4 32. Bxd4 Be6 33. Re3 Rd8
$132) 29. Rh3 $18 Bh7 (29... Be6 30. Rh4 $18) 30. Bxh7 Kxh7 31. Qd3 Kg8 32.
Rxh6 {[%mdl 64]} gxh6 33. Nxf6+ Kf7 34. Qf5 Nc5 (34... Bg7 35. Ng4+ Kg8 36.
Nxh6+ Bxh6 37. Qg6+ Kf8 38. Qxh6+ Kf7 39. Qg7+ Ke8 40. Qg6+ Kf8 41. Bg7+ $18)
35. Ne4+ Ke8 36. Qg6+ Kd7 37. Nxc5+ Kc8 38. Qc6 (38. Qc6 Bxc5 39. Qxa8+ Kd7 40.
Qc6+ Kc8 41. Qxh6 $18) (38. Bf6 Be7 39. Bxe7 Qxe7 40. Qg8+ Qd8 41. Qe6+ Kb8 42.
Nd7+ Kb7 43. Qc6+ Kc8 44. Nxb6+ axb6 45. Qxa8+ Kd7 46. Qxd8+ $18) 1-0